[Event "Gibraltar Masters 2019"]
[Site "Caleta ENG"]
[Date "2019.01.26"]
[Round "5.41"]
[White "Kadric,D"]
[Black "Ladron de Guevara Pinto,P"]
[Result "0-1"]
[WhiteElo "2545"]
[BlackElo "2418"]

1.e4 e5 2.Nf3 Nc6 3.Bc4 Bc5 4.c3 Nf6 5.d3 O-O 6.O-O d6 7.Re1 a5 8.Bg5 h6
9.Bh4 g5 10.Bg3 Bg4 11.h3 Bh5 12.Nbd2 Qb8 13.a4 Qa7 14.Nf1 Kh7 15.Ne3 Bxe3
16.Rxe3 g4 17.Bh4 gxf3 18.Bxf6 Qxe3 19.fxe3 f2+ 20.Kxf2 Bxd1 21.Rxd1 Kg6
22.Bh4 f6 23.Ke2 Ne7 24.Be6 Kg7 25.Rf1 Ng6 26.Be1 h5 27.d4 Rh8 28.c4 Nf8
29.Bf5 Kf7 30.Bh4 Rh6 31.Kd3 Ke7 32.Rf3 Re8 33.Be1 Ra8 34.Bh4 Kf7 35.d5 Rd8
36.Be1 Ra8 37.Bh4 Kg7 38.Be1 h4 39.Rf2 Kf7 40.Rc2 b6 41.b3 Ng6 42.Rf2 Rah8
43.Rf3 Rh5 44.Bg4 Rg5 45.Ke2 Ke7 46.Kd3 Nf8 47.b4 axb4 48.Bxb4 Rg6 49.Rf2 Nd7
50.Bf5 Rgh6 51.a5 Ra8 52.axb6 cxb6 53.Rb2 Rhh8 54.Be1 Ra6 55.Ke2 Nc5 56.Bf2 Rg8
57.Bg4 Rh8 58.Bf5 Kd8 59.g3 hxg3 60.Bxg3 Kc7 61.h4 Ra4 62.Rc2 Rh6 63.Kf3 Nb3
64.Rg2 Rxc4 65.Be1 Kb7 66.Rg6 Rxg6 67.Bxg6 Kc7 68.h5 Kd7 69.h6 Ke7 70.Bf5 Ra4
71.Kg4 Kf7 72.Bh4 Ra1  0-1

[Event "Gibraltar Masters 2019"]
[Site "Caleta ENG"]
[Date "2019.01.26"]
[Round "5.42"]
[White "Werle,J"]
[Black "Martinez Martin,D"]
[Result "1-0"]
[WhiteElo "2541"]
[BlackElo "2416"]

1.d4 Nf6 2.c4 e6 3.Nf3 d5 4.Nc3 c5 5.cxd5 Nxd5 6.e4 Nxc3 7.bxc3 cxd4 8.cxd4 Bb4+
9.Bd2 Bxd2+ 10.Qxd2 O-O 11.Bc4 Nd7 12.O-O b6 13.Rfe1 Bb7 14.Rad1 Rc8 15.Bb3 Re8
16.h4 Nf6 17.Qf4 Nh5 18.Qe5 Nf6 19.Qf4 Nh5 20.Qh2 Nf6 21.d5 exd5 22.e5 Nd7
23.Nd4 Nc5 24.Nf5 Nxb3 25.Qg3 g6 26.axb3 Rc7 27.h5 Re6 28.Nd4 Ree7 29.f4 Qf8
30.f5 Bc8 31.hxg6 fxg6 32.Rf1 Re8 33.e6 Qc5 34.Qf4 Rb7 35.Rc1 Qf8 36.Rxc8 Rxc8
37.f6  1-0

[Event "Gibraltar Masters 2019"]
[Site "Caleta ENG"]
[Date "2019.01.26"]
[Round "5.86"]
[White "Tejaswini,S"]
[Black "Blesic,V"]
[Result "0-1"]
[WhiteElo "2190"]
[BlackElo "2390"]

1.e4 Nf6 2.e5 Nd5 3.d4 d6 4.c4 Nb6 5.exd6 cxd6 6.Nc3 g6 7.Be3 Bg7 8.Rc1 O-O
9.b3 Bf5 10.Be2 d5 11.c5 Nc8 12.Bf3 e6 13.Nge2 Nc6 14.g4 Be4 15.Nxe4 dxe4
16.Bxe4 N8e7 17.Qd2 Nd5 18.Bxd5 Qxd5 19.O-O Qf3 20.g5 Rad8 21.Rc3 Qg4+ 22.Kh1 e5
23.Rc4 exd4 24.Bf4 Qf3+ 25.Kg1 Rfe8 26.Ng3 Be5 27.Bxe5 Nxe5 28.Rxd4 Qc6 29.f4 Qxc5
30.fxe5 Qxd4+ 31.Qxd4 Rxd4 32.Re1 Rg4 33.Kf2 Rxg5 34.Ne4 Rf5+ 35.Kg3 Rexe5
36.Nf6+ Kg7 37.Ne8+ Kh6  0-1

[Event "Gibraltar Masters 2019"]
[Site "Caleta ENG"]
[Date "2019.01.26"]
[Round "5.85"]
[White "Srija,S"]
[Black "Vega Gutierrez,S"]
[Result "1/2-1/2"]
[WhiteElo "2210"]
[BlackElo "2390"]

1.e4 c5 2.Nf3 Nc6 3.d4 cxd4 4.Nxd4 Nf6 5.Nc3 e5 6.Ndb5 d6 7.Bg5 a6 8.Na3 b5
9.Nd5 Be7 10.Bxf6 Bxf6 11.c4 b4 12.Nc2 O-O 13.Ndxb4 Nxb4 14.Nxb4 Qb6 15.Nd5 Qxb2
16.Be2 Bd8 17.O-O Be6 18.Bg4 Rc8 19.Bxe6 fxe6 20.Qg4 Re8 21.Rab1 Qd2 22.Rfd1 Qg5
23.Ne3 Qxg4 24.Nxg4 Rc6 25.c5 Bc7 26.cxd6 Bxd6 27.h4 Rf8 28.h5 h6 29.Rd2 Rf4
30.f3 Bc5+ 31.Kh2 Bd4 32.Rb8+ Rf8 33.Rb7 Rf7 34.Rxf7 Kxf7 35.f4 Rc5 36.g3 Ke7
37.Kg2 Ba1 38.Ne3 exf4 39.gxf4 Rxh5 40.Rd1 Bc3 41.f5 Rh4 42.Kf3 Rh3+ 43.Ke2 Bf6
44.Rb1 Rh2+ 45.Kf3 Rb2 46.Rc1 Rxa2 47.Rc6 exf5 48.Nxf5+ Kf7 49.Nd6+ Ke7 50.Nf5+ Kd7
51.Rd6+ Kc7 52.Re6 Ra3+ 53.Kg4 Ra5 54.Kf3 Kd7 55.Rb6 Kc7 56.Re6 Kd7 57.Rb6 Ke8
58.Rb7 Kf8 59.Kg4 Ra1 60.Ne3 Rg1+ 61.Kf3 h5 62.Ra7 Ra1 63.Kf4 Bd4 64.Ra8+ Kf7
65.Nc2 Rf1+ 66.Kg3 Bc5 67.Rxa6 Rc1 68.Ra2 g5 69.Rb2 Ke6 70.Nb4 Rc3+ 71.Kg2 Ke5
72.Nd5 Rc4 73.Re2 Rc1 74.Kh2 g4 75.Kg3 Rg1+ 76.Kh4 Rh1+ 77.Kg3 Rh3+ 78.Kg2 h4
79.Ra2 Rg3+ 80.Kh2 Bg1+ 81.Kh1 Bd4 82.Re2 Rg1+ 83.Kh2 g3+ 84.Kh3 Rh1+ 85.Kg4 Rf1
86.Nb4 Rf4+ 87.Kg5 Rxe4 88.Nd3+ Kd5 89.Nf4+ Ke5 90.Nd3+ Kd5 91.Nf4+ Rxf4
92.Kxf4 Bf2 93.Kf3 h3 94.Rxf2 gxf2 95.Kxf2  1/2-1/2

[Event "Gibraltar Masters 2019"]
[Site "Caleta ENG"]
[Date "2019.01.26"]
[Round "5.56"]
[White "Ubilava,E"]
[Black "Kulon,K"]
[Result "1/2-1/2"]
[WhiteElo "2495"]
[BlackElo "2347"]

1.d4 Nf6 2.c4 g6 3.Nf3 Bg7 4.g3 O-O 5.Bg2 d6 6.O-O Nc6 7.Nc3 e5 8.dxe5 dxe5
9.Bg5 Be6 10.Nd2 h6 11.Bxf6 Bxf6 12.Nd5 Be7 13.Nb3 a5 14.a4 Nb4 15.Qc1 Bg5
16.Qc3 Bxd5 17.cxd5 Nxd5 18.Qxe5 c6 19.Bxd5 cxd5 20.Rfd1 Re8 21.Qxd5 Qxd5
22.Rxd5 Rxe2 23.Rxa5 Rxa5 24.Nxa5 Rxb2 25.Nc4 Rb4 26.Ne3 Bxe3 27.fxe3 Kg7
28.a5 Rb3 29.Kf2 Rb2+ 30.Kg1 Kf6 31.a6 bxa6 32.Rxa6+ Kg5 33.Ra5+ Kg4 34.Ra4+ Kg5
35.Rf4 f5 36.h4+ Kh5 37.Kf1 Ra2 38.Rd4 Rb2  1/2-1/2

[Event "Gibraltar Masters 2019"]
[Site "Caleta ENG"]
[Date "2019.01.26"]
[Round "5.57"]
[White "Taylor,Adam C"]
[Black "Stefanova,A"]
[Result "0-1"]
[WhiteElo "2356"]
[BlackElo "2486"]

1.c4 e6 2.Nf3 d5 3.d4 c6 4.g3 dxc4 5.Bg2 b5 6.O-O Bb7 7.a4 a6 8.b3 cxb3 9.Qxb3 Nf6
10.Nc3 Be7 11.Rd1 O-O 12.Ne5 Qc8 13.axb5 cxb5 14.Nxb5 Bxg2 15.Kxg2 Nc6 16.Na3 Nxe5
17.dxe5 Rb8 18.Qf3 Nd5 19.Rd4 f6 20.Rc4 Qd7 21.Nc2 fxe5 22.Qe4 Qb5 23.Ne3 a5
24.h4 Bb4 25.Qg4 Rbe8 26.h5 Qb7 27.Qe4 Qf7 28.Ng4 Qxh5 29.Bb2 Nf4+ 30.Kf1 Qh3+
31.Kg1 Qxg4 32.Qxe5 Nxe2+ 33.Kf1 Nxg3+ 34.Kg1 Ne4+ 35.Kh1 Qg5  0-1

[Event "Gibraltar Masters 2019"]
[Site "Caleta ENG"]
[Date "2019.01.26"]
[Round "5.84"]
[White "Abdulraheem,Abdulrahman Akintoye"]
[Black "Sukandar,I"]
[Result "0-1"]
[WhiteElo "2224"]
[BlackElo "2397"]

1.Nf3 Nf6 2.c4 c5 3.Nc3 Nc6 4.e3 g6 5.d4 Bg7 6.d5 Nb8 7.Bd3 d6 8.h3 O-O 9.O-O e5
10.dxe6 Bxe6 11.Ng5 Nc6 12.f4 Re8 13.a3 a6 14.Qe1 d5 15.Qh4 dxc4 16.f5 gxf5
17.Bxf5 Bxf5 18.Rxf5 h6 19.Nf3 Na5 20.Qg3 Nb3 21.e4 Nxc1 22.Rxc1 Nxe4 23.Nxe4 Rxe4
24.Rf1 Qe7 25.Nd2 Re3 26.Qg4 Rf8 27.R1f4 Re1+ 28.Kh2 Re5 29.Nxc4 Rxf5 30.Rxf5 b5
31.Ne5 Kh8 32.Qh5 Qe6 33.Kh1 Kg8 34.Ng4 Rd8 35.Rf1 c4 36.Qh4 Rd4 37.Re1 Qd6
38.Qh5 Qg6 39.Qc5 Kh7 40.Qc7 h5 41.Nf2 Rd2 42.Qf4 Rxb2 43.Qf3 Rb3 44.Qd5 Rb2
45.Qf3 Rb1 46.Rxb1 Qxb1+ 47.Kh2 Be5+ 48.g3 Qg6 49.h4 Kg7 50.Ne4 Qg4 51.Qe3 Qxh4+
52.Kg2 Qg4 53.Nf2 Qf5 54.Qb6 h4 55.g4 h3+ 56.Kxh3 Qf3+  0-1

[Event "Gibraltar Masters 2019"]
[Site "Caleta ENG"]
[Date "2019.01.26"]
[Round "5.83"]
[White "Merario Alarcon,Andres"]
[Black "Fuchs,Ju"]
[Result "1-0"]
[WhiteElo "2405"]
[BlackElo "2249"]

1.d4 Nf6 2.c4 e6 3.Nf3 Bb4+ 4.Nbd2 O-O 5.a3 Be7 6.e4 d5 7.e5 Nfd7 8.Bd3 c5
9.Qc2 h6 10.O-O Nc6 11.Nb3 a5 12.cxd5 exd5 13.Be3 cxd4 14.Bf4 a4 15.Nbxd4 Nxd4
16.Nxd4 Nc5 17.Be2 Be6 18.Rad1 Rc8 19.Qb1 Qc7 20.h3 Rfd8 21.Bh2 Qb6 22.Kh1 Nb3
23.Nxe6 fxe6 24.f4 Qe3 25.Bg4 Rc6 26.Qg6 Qb6 27.f5 exf5 28.Qxf5 Kh8 29.Qf7 Qc5
30.e6 Rf8 31.Qg6 Qc2 32.Rxf8+ Bxf8 33.Qf7 Qc5 34.Rf1  1-0

[Event "Gibraltar Masters 2019"]
[Site "Caleta ENG"]
[Date "2019.01.26"]
[Round "5.82"]
[White "Dolzhikova,O"]
[Black "Erenberg,Ariel"]
[Result "1-0"]
[WhiteElo "2224"]
[BlackElo "2409"]

1.e4 c5 2.c3 Nf6 3.e5 Nd5 4.d4 cxd4 5.Nf3 e6 6.cxd4 d6 7.Bc4 Be7 8.O-O O-O
9.Qe2 b6 10.Rd1 Bb7 11.Bxd5 exd5 12.Nc3 Na6 13.Nb5 Nc7 14.Nxc7 Qxc7 15.Bg5 Rae8
16.Rac1 Qd7 17.Qd2 Bxg5 18.Qxg5 f6 19.exf6 Rxf6 20.Re1 Re4 21.Qd2 h6 22.Re3 Rg6
23.Ne1 Qf5 24.Rg3 Rge6 25.Nf3 Re2 26.Qc3 Qf6 27.h3 Re7 28.Re1 R2e4 29.Re3 Rf7
30.Qc1 Qd8 31.Ra3 Kh8 32.Rxa7 Rc7 33.Qd2 Rce7 34.Ra3 Re2 35.Qb4 Bc8 36.Rb3 Bf5
37.Qxb6 Qd7 38.Qb4 Kh7 39.a4 Bc2 40.Ra3 Qc6 41.a5 Rb7 42.Qc3 Qxc3 43.Rxc3 Be4
44.a6 Ra7 45.Rb3 Rxa6 46.Rb7 Bg6 47.Nh4 Re6 48.Nf5  1-0

[Event "Gibraltar Masters 2019"]
[Site "Caleta ENG"]
[Date "2019.01.26"]
[Round "5.81"]
[White "Tomazini,Z"]
[Black "Jaksland,T"]
[Result "1-0"]
[WhiteElo "2439"]
[BlackElo "2264"]

1.e4 c5 2.Nf3 g6 3.c3 Nc6 4.d4 d5 5.exd5 Qxd5 6.Na3 Bg4 7.Bc4 Bxf3 8.gxf3 Qh5
9.dxc5 Bh6 10.Qd5 Qxd5 11.Bxd5 Bxc1 12.Rxc1 Nf6 13.Be4 O-O 14.Ke2 Nxe4 15.fxe4 f5
16.Rcd1 fxe4 17.Rd7 Rab8 18.Nc4 Rf5 19.b4 Kf8 20.Rhd1 Ke8 21.Rc7 Rd8 22.Rxb7 Rxd1
23.Kxd1 Kd8 24.Ke2 Rh5 25.a4 Kc8 26.Rb5 Rxh2 27.Na5 Ne5 28.Ke3 Ng4+ 29.Kxe4 Rxf2
30.Nc6 Nf6+ 31.Ke3 Ng4+ 32.Kd3 Rf3+ 33.Ke4 Rxc3 34.Nxa7+ Kc7 35.c6 Kd6 36.Kd4 Rc1
37.Rd5+ Ke6 38.Rc5 Rd1+ 39.Ke4 Nf6+ 40.Kf3 Nd5 41.Rxd5  1-0

[Event "Gibraltar Masters 2019"]
[Site "Caleta ENG"]
[Date "2019.01.26"]
[Round "5.80"]
[White "Mannion,Stephen R"]
[Black "Javakhishvili,L"]
[Result "0-1"]
[WhiteElo "2293"]
[BlackElo "2452"]

1.e4 c5 2.Nf3 e6 3.d4 cxd4 4.Nxd4 Nc6 5.Nb5 d6 6.c4 Nf6 7.N5c3 a6 8.Na3 Be7
9.Be2 O-O 10.O-O b6 11.Be3 Bb7 12.Qb3 Ne5 13.f3 Ned7 14.Rfd1 Re8 15.Kh1 Rc8
16.Rac1 Qc7 17.Nab1 Qb8 18.a3 Kh8 19.Qa2 d5 20.exd5 exd5 21.Bg1 Bd6 22.cxd5 Re5
23.f4 Rf5 24.Bf3 Bxf4 25.Rc2 Ne5 26.Re2 Nxf3 27.gxf3 Bc7 28.Rd3 Rd8 29.Nd2 Nxd5
30.Nxd5 Rfxd5 31.Rxd5 Bxd5 32.Qb1 Bf4 33.Be3 Qe5 34.Qg1 f6 35.Re1 Re8  0-1

[Event "Gibraltar Masters 2019"]
[Site "Caleta ENG"]
[Date "2019.01.26"]
[Round "5.79"]
[White "Hanley,C"]
[Black "Chinguun,Sumiya"]
[Result "1-0"]
[WhiteElo "2452"]
[BlackElo "2286"]

1.e4 c5 2.Nf3 e6 3.d4 cxd4 4.Nxd4 a6 5.Nc3 Qc7 6.Bd3 Nf6 7.f4 d6 8.Qe2 Nbd7
9.g4 b5 10.g5 Ng8 11.Bd2 Bb7 12.f5 e5 13.Nd5 Bxd5 14.exd5 Ne7 15.Nb3 a5 16.a4 b4
17.O-O g6 18.fxg6 hxg6 19.Qf2 Rh7 20.Rac1 Rb8 21.c3 bxc3 22.Rxc3 Qd8 23.Bb5 Nxd5
24.Rh3 Rg7 25.Nxa5 Nf4 26.Bxf4 Qxa5 27.Bd2 Qd8 28.Rh8 Ke7 29.Be3 Rxb5 30.axb5 Qa5
31.b6 Qb5 32.Rc1 Ke6 33.Rxf8 Nxf8 34.Qf6+ Kd5 35.Qxg7 Qd7 36.Qf6 Qg4+ 37.Kf2 Ke4
38.Rc4+  1-0

[Event "Gibraltar Masters 2019"]
[Site "Caleta ENG"]
[Date "2019.01.26"]
[Round "5.78"]
[White "Antova,Gabriela"]
[Black "Sosa,T ARG"]
[Result "0-1"]
[WhiteElo "2263"]
[BlackElo "2499"]

1.d4 b6 2.c4 Bb7 3.Nf3 e6 4.a3 Nf6 5.Bf4 g6 6.Nc3 Bg7 7.e3 O-O 8.Bd3 d6 9.O-O Nbd7
10.e4 e5 11.Be3 h6 12.d5 Ng4 13.Bc1 a5 14.Rb1 Nc5 15.Bc2 Bc8 16.b4 axb4 17.axb4 Na6
18.Ne1 f5 19.f3 Nf6 20.exf5 gxf5 21.Be3 Nh5 22.Qd2 Qf6 23.Rb3 Bd7 24.Nd3 Rae8
25.Ra3 Bc8 26.Ba4 Re7 27.Bb5 Nb8 28.c5 bxc5 29.bxc5 Nd7 30.Bxd7 Bxd7 31.c6 Be8
32.Nb5 Bg6 33.f4 Rb8 34.Ra5 exf4 35.Bd4 Qg5 36.Bxg7 Rxg7 37.Nd4 Bf7 38.Qf2 Kh8
39.Rfa1 Rbg8 40.R1a2 Qf6 41.Ne1 f3 42.Ndxf3 Nf4 43.Qh4 Qxh4 44.Nxh4 Bxd5
45.Nxf5 Rg5 46.Rxd5 Nxd5 47.Nxh6 Rf8 48.h3 Ne3 49.Nd3 Kh7 50.Ng4 Nxg4 51.hxg4 Rxg4
52.Ra7 Rf7 53.Rb7 Rc4 54.Nb4 Kh6 55.g3 Kg5 56.Kg2 Rd4 57.Na6 Rd2+ 58.Kg1 Re7
59.Kf1 Rh7 60.Kg1 Kg4 61.Nxc7 Rhh2 62.Rb4+ Kh3 63.Rh4+ Kxg3 64.Rxh2 Rd1+  0-1

[Event "Gibraltar Masters 2019"]
[Site "Caleta ENG"]
[Date "2019.01.26"]
[Round "5.77"]
[White "Hedman,E"]
[Black "Onabogun,K"]
[Result "1-0"]
[WhiteElo "2378"]
[BlackElo "2189"]

1.d4 f5 2.g3 Nf6 3.Bg2 d6 4.Nf3 g6 5.O-O Bg7 6.b3 O-O 7.Bb2 c6 8.c4 Qa5 9.Nbd2 Re8
10.Qc2 e5 11.dxe5 dxe5 12.e4 Na6 13.a3 Nc5 14.Nxe5 fxe4 15.h3 Qc7 16.b4 Na6
17.f4 exf3 18.Ndxf3 Bf5 19.Qb3 Be4 20.Rae1 Rad8 21.g4 h6 22.h4 g5 23.hxg5 hxg5
24.c5+ Bd5 25.Qc2 Nh7 26.Qg6 Re6 27.Qxh7+ Kxh7 28.Nxg5+ Kg8 29.Bxd5 Rxd5
30.Nxe6 Qc8 31.Nxg7 Kxg7 32.Rf5 Rd2 33.Ba1 Ra2 34.Bd4 Rd2 35.Bc3 Rc2 36.Ba1 Ra2
37.Bc3 Rc2 38.Bd4 Rd2 39.Nxc6+ Rxd4 40.Re7+ Kg6 41.Ne5+  1-0

[Event "Gibraltar Masters 2019"]
[Site "Caleta ENG"]
[Date "2019.01.26"]
[Round "5.76"]
[White "Smith,An"]
[Black "Guichard,P"]
[Result "0-1"]
[WhiteElo "2167"]
[BlackElo "2378"]

1.e4 e5 2.d4 exd4 3.Qxd4 Nc6 4.Qe3 Nf6 5.Nc3 Bb4 6.Bd2 O-O 7.O-O-O Re8 8.Bc4 d6
9.Nf3 Be6 10.Bxe6 Rxe6 11.Ng5 Re8 12.f3 Qe7 13.Rhe1 Rad8 14.Qf2 Qf8 15.Qh4 h6
16.Nh3 d5 17.exd5 Bxc3 18.Bxc3 Nxd5 19.Qc4 Nxc3 20.Qxc3 Rxe1 21.Qxe1 Re8
22.Qc3 Qe7 23.Nf4 Qh4 24.Nh3 Re2 25.Qd3 Rxg2 26.Qf5 Nd4 27.Qc8+ Kh7 28.c3 Ne6
29.Qxb7 Qxh3 30.Qe4+ g6 31.Rd7 Rg1+  0-1

[Event "Gibraltar Masters 2019"]
[Site "Caleta ENG"]
[Date "2019.01.26"]
[Round "5.75"]
[White "Seeman,T"]
[Black "Schippers,Maurice"]
[Result "1/2-1/2"]
[WhiteElo "2386"]
[BlackElo "2276"]

1.Nf3 c5 2.g3 g6 3.c3 Bg7 4.d4 cxd4 5.cxd4 d5 6.Bg2 Nc6 7.Nc3 e6 8.O-O Nge7
9.b3 O-O 10.e3 b6 11.Qd2 Ba6 12.Rd1 Qd7 13.Ba3 Rfc8 14.Rac1 Rc7 15.Bf1 Bxf1
16.Kxf1 Rcc8 17.Qe2 a6 18.Na4 Qb7 19.Rc2 Bf8 20.Rdc1 Na7 21.Rxc8 Rxc8 22.Rxc8 Nexc8
23.Bxf8 Kxf8 24.Ne5 Nb5 25.Qc2 f6 26.Nd3 Kf7 27.f3 Qc7 28.Qxc7+ Nxc7 29.Ke2 Ke7
30.e4 a5 31.e5 Nb5 32.Ke3 Na3 33.exf6+ Kxf6 34.Ne1 Nb5 35.h4 h6 36.Ng2 Ne7
37.g4 Nc6 38.Nxb6 Nbxd4 39.Ne1 Nb5 40.Nd3 Nc3 41.a4 e5 42.Kd2 d4 43.Nc4 h5
44.gxh5 gxh5 45.Ke1 Ke6 46.Kf2 Nd1+ 47.Ke2 Nc3+ 48.Kf2 Nd1+ 49.Ke2 Nc3+  1/2-1/2

[Event "Gibraltar Masters 2019"]
[Site "Caleta ENG"]
[Date "2019.01.26"]
[Round "5.74"]
[White "Bopp,T"]
[Black "Shachar,E"]
[Result "0-1"]
[WhiteElo "2171"]
[BlackElo "2391"]

1.d4 e6 2.g3 f5 3.Bg2 Nf6 4.Nf3 d5 5.O-O Bd6 6.c4 c6 7.b3 Qe7 8.Bb2 O-O 9.Ne5 b6
10.Nd2 Bb7 11.Ndf3 a5 12.Rc1 Rd8 13.Qd2 Ne4 14.Qe3 Na6 15.Nd3 Rac8 16.Nfe5 c5
17.f3 Nf6 18.Kh1 Nb4 19.Nxb4 axb4 20.Rfd1 Ra8 21.Ra1 Ra7 22.Qd3 g6 23.cxd5 exd5
24.e3 Rda8 25.Qb1 b5 26.f4 c4 27.Kg1 Ra6 28.Bc1 Bc8 29.Bd2 Be6 30.Rc1 Bf7
31.h3 Be6 32.Kh1 Kg7 33.Kg1 Ne4 34.Be1 Qb7 35.Kh2 Ra3 36.Qb2 Qb6 37.Rcb1 cxb3
38.axb3 Qa6 39.Rxa3 bxa3 40.Qe2 b4 41.Qxa6 Rxa6 42.Bf1 Ra8 43.Nc6 Nc3 44.Ra1 Rc8
45.Ne5 Bf7 46.Nxf7 Kxf7 47.Kg2 Na4 48.Ba6 Rc2+ 49.Kf3 Nc3 50.Bb7 Ke6 51.Bc8+ Ke7
52.Bb7 Ne2 53.g4 Rc1 54.Ra2 Rxe1 55.Kf2 Rb1  0-1

[Event "Gibraltar Masters 2019"]
[Site "Caleta ENG"]
[Date "2019.01.26"]
[Round "5.73"]
[White "Sanchez Jerez,E"]
[Black "Kiik,K"]
[Result "0-1"]
[WhiteElo "2183"]
[BlackElo "2410"]

1.e4 c5 2.Nc3 e6 3.Nf3 a6 4.d4 cxd4 5.Nxd4 Qc7 6.g3 Bb4 7.Bd2 Nf6 8.Bg2 Nc6
9.Nb3 d6 10.a3 Bxc3 11.Bxc3 e5 12.Nd2 Bg4 13.f3 Be6 14.f4 Bg4 15.Bf3 Bh3
16.Nc4 Rd8 17.Ne3 O-O 18.Qd3 b5 19.O-O-O Qb7 20.f5 a5 21.b4 axb4 22.axb4 Ra8
23.g4 h6 24.Rhg1 Nh7 25.Nd5 Ra3 26.Kb2 Rfa8 27.Ra1 Qa7 28.Rxa3 Qxa3+ 29.Kb1 Ng5
30.Rg3 Qa7 31.Bd1 Bf1 32.Be2 Bxe2 33.Qxe2 Nd4 34.Qd3 Ndf3 35.f6 Qf2 36.Ne7+ Kh7
37.fxg7 Kxg7 38.Nf5+ Kh7 39.h4 Qh2 40.Bb2 Nxh4 41.Bc1 Nxf5 42.gxf5 Qh1 43.f6 Qe1
44.Qb3 Kg6 45.Re3 Qf1 46.Kb2 Rc8 47.Qd5 Qc4 48.Qd2 Qd4+ 49.c3 Qxd2+ 50.Bxd2 Rc4
51.Rg3 Kxf6 52.Rg1 Rxe4 53.Rf1+ Kg6 54.Kc2 f5 55.Kd3 Rg4 56.Ra1 Rg3+ 57.Ke2 Ne4
58.Rc1 Rh3  0-1

[Event "Gibraltar Masters 2019"]
[Site "Caleta ENG"]
[Date "2019.01.26"]
[Round "5.72"]
[White "Valhondo Morales,R"]
[Black "Wemmers,X"]
[Result "1-0"]
[WhiteElo "2231"]
[BlackElo "2418"]

1.e4 e5 2.Nf3 Nc6 3.Bc4 Nf6 4.d3 Be7 5.O-O O-O 6.a4 d6 7.a5 h6 8.c3 Kh8 9.Re1 Nh7
10.Qb3 f5 11.a6 Rb8 12.Bd5 Qe8 13.axb7 Bxb7 14.Nbd2 Nf6 15.Qc4 fxe4 16.dxe4 a6
17.Be6 Nh5 18.g3 Nd8 19.Bf5 c5 20.Qd3 g6 21.Bh3 Qf7 22.Bg2 g5 23.Re2 Bc6
24.Qc2 Ne6 25.Nf1 Qg6 26.Ne1 Nf6 27.f3 Bb5 28.Nd3 g4 29.f4 exf4 30.gxf4 Qh7
31.Ng3 Nd5 32.Rf2 Bxd3 33.Qxd3 Ndxf4 34.Qxa6 Nxg2 35.Rxg2 Nf4 36.Bxf4 Rxf4
37.Re1 Qg6 38.Nf5 Qe6 39.Nxe7 Qxe7 40.e5 Qh4 41.Rd1 Re4 42.Rf1 Rxe5 43.Qxd6 Rbe8
44.Rgf2 Re1 45.Qxc5 g3 46.Rf8+ Rxf8 47.Qxf8+ Kh7 48.Qf5+ Kh8 49.Qc8+ Kh7
50.Qc7+ Re7 51.hxg3 Qe4 52.Qf4 Qe2 53.Qf2  1-0

[Event "Gibraltar Masters 2019"]
[Site "Caleta ENG"]
[Date "2019.01.26"]
[Round "5.13"]
[White "Cheparinov,I"]
[Black "Ernst,S"]
[Result "1/2-1/2"]
[WhiteElo "2691"]
[BlackElo "2540"]

1.e4 e5 2.Nf3 Nc6 3.d4 exd4 4.Nxd4 Nf6 5.Nxc6 bxc6 6.e5 Qe7 7.Qe2 Nd5 8.h4 f6
9.c4 Ba6 10.Rh3 Nb6 11.exf6 Qxe2+ 12.Bxe2 Bxc4 13.Re3+ Be6 14.fxg7 Bxg7 15.Bg4 Nd5
16.Re2 O-O 17.Bxe6+ dxe6 18.g3 Nb4 19.Nc3 Nd3+ 20.Kf1 Bxc3 21.bxc3 e5 22.Bh6 Rf6
23.Bg5 Rd6 24.Rb1 h6 25.Be3 c5 26.Rb7 Rc6 27.c4 a6 28.h5 Rf8 29.Rd2 e4 30.Kg2 Kg7
31.Rd1 Rf7 32.Rh1 Ne5 33.Rh4 Nxc4 34.Rxe4 Rb6 35.Rg4+ Kh7 36.Rxb6 Nxe3+ 37.fxe3 cxb6
38.Rg6 b5 39.Rxa6 c4 40.Ra5 Rb7 41.Kf3 b4 42.Ke2 b3 43.axb3 cxb3 44.Ra1 b2
45.Rb1 Rb3  1/2-1/2

[Event "Gibraltar Masters 2019"]
[Site "Caleta ENG"]
[Date "2019.01.26"]
[Round "5.45"]
[White "Dhulipalla,Bala Chandra Prasad"]
[Black "Goryachkina,A"]
[Result "1/2-1/2"]
[WhiteElo "2341"]
[BlackElo "2518"]

1.d4 d5 2.c4 c6 3.Nf3 Nf6 4.e3 Bf5 5.Nc3 e6 6.Nh4 Bg6 7.Be2 Nbd7 8.O-O Be7
9.g3 Qc7 10.Bd2 Rd8 11.Nxg6 hxg6 12.Qc2 dxc4 13.a4 e5 14.Rfe1 Nb6 15.a5 Nc8
16.Bxc4 Ng4 17.Nd5 Qd7 18.Nxe7 Nxe7 19.h4 g5 20.f3 Nf6 21.Bc3 e4 22.hxg5 exf3
23.Qf2 Ne4 24.Qxf3 Nxg5 25.Qg2 Qf5 26.g4 Nf3+ 27.Kf2 Nxe1+ 28.Kxe1 Qg5 29.Kd2 Nd5
30.Qe4+ Qe7 31.Qf3 Rh2+ 32.Kd3 Rd6 33.a6 b5 34.Bxd5 cxd5 35.Bb4 Qe4+ 36.Qxe4+ dxe4+
37.Kxe4 Re6+ 38.Kd5 Rhh6 39.Rc1 Kd7 40.e4 Rxa6 41.e5 Rhg6 42.Rf1 f6 43.Rf4 Rg5
44.Re4 fxe5 45.dxe5 Re6 46.Bc5 a6 47.b4 Reg6 48.Rf4 Rf6 49.Re4 Rf1 50.Be3 Rd1+
51.Bd4 Ke7 52.Rf4 Rg6 53.Re4 Rh6 54.Rf4 Rh2 55.e6 Rhd2 56.g5 Ke8 57.Ke5 Re2+
58.Kf5 Rde1 59.Bxg7  1/2-1/2

[Event "Gibraltar Masters 2019"]
[Site "Caleta ENG"]
[Date "2019.01.26"]
[Round "5.70"]
[White "Bjerre,Jonas Buhl"]
[Black "Michenka,J"]
[Result "1-0"]
[WhiteElo "2422"]
[BlackElo "2280"]

1.e4 c5 2.Nf3 e6 3.d4 cxd4 4.Nxd4 Nc6 5.Nc3 a6 6.Nxc6 bxc6 7.Bd3 d5 8.O-O Nf6
9.Re1 Be7 10.e5 Nd7 11.Qg4 Kf8 12.Na4 h5 13.Qf4 Kg8 14.b3 Nb6 15.Nxb6 Qxb6
16.c4 d4 17.c5 Bxc5 18.Bb2 a5 19.Re4 a4 20.b4 Bxb4 21.Rb1 Qc7 22.Rxd4 Be7
23.Rd1 a3 24.Bc3 c5 25.Rd6 f5 26.Bc4 Bxd6 27.exd6 Qf7 28.d7 Bxd7 29.Qc7 Ba4
30.Bxe6 Rf8 31.Bxf7+ Rxf7 32.Rd8+ Kh7 33.Qxf7  1-0

[Event "Gibraltar Masters 2019"]
[Site "Caleta ENG"]
[Date "2019.01.26"]
[Round "5.46"]
[White "Demuth,A"]
[Black "Zuo,Yifan"]
[Result "1/2-1/2"]
[WhiteElo "2517"]
[BlackElo "2298"]

1.e4 c5 2.Nf3 Nc6 3.c3 d5 4.exd5 Qxd5 5.d4 Bf5 6.Be3 cxd4 7.Nxd4 e6 8.Qb3 Qxb3
9.axb3 Nge7 10.Bb5 Bxb1 11.Rxb1 a6 12.Ra1 Rc8 13.Nxc6 Nxc6 14.Bd3 Bd6 15.Ke2 Ke7
16.Rhd1 h6 17.b4 Ne5 18.Be4 Rc7 19.Bb6 Rd7 20.Bc5 Bxc5 21.bxc5 Rc7 22.b4 Rd8
23.f4 Nc6 24.Rxd8 Kxd8 25.Rd1+ Rd7 26.Rxd7+ Kxd7 27.Kd3 Kc7 28.g3 Nb8 29.Kd4 Nc6+
30.Kd3 Nb8 31.Bf3 Nc6 32.Bg2 Nb8 33.Kd4 Nc6+ 34.Kd3 Nb8 35.Bh1 Nc6 36.Bf3 Kd7
37.Bd1 Ke7 38.Bf3 Kd7 39.Kc4 Kc7 40.Bh5 g6 41.Bf3 Kd7 42.Bh1 Kc7 43.Bg2 Kd7
44.Bf3 Kc7 45.Kd3 Kd7 46.Bd1 Kd8 47.Ba4 Ke7 48.Ke3 Kf6 49.Bd1 Ke7 50.Bf3 Kd7
51.Be4 Kc7 52.Bg2 Kd7 53.Kd3 Kc7 54.Kc4 Kc8 55.Kb3 Nb8 56.Kc4 Nc6 57.Kb3 Nb8
58.c4 a5 59.bxa5 Kc7 60.Kb4 Nc6+ 61.Kb5 Nd4+ 62.Kb4 Nc6+ 63.Kb5 Nd4+ 64.Kb4 Nc6+  1/2-1/2

[Event "Gibraltar Masters 2019"]
[Site "Caleta ENG"]
[Date "2019.01.26"]
[Round "5.48"]
[White "Gallego Alcaraz,A"]
[Black "Solozhenkina,Elizaveta"]
[Result "1/2-1/2"]
[WhiteElo "2502"]
[BlackElo "2279"]

1.Nf3 Nf6 2.c4 e6 3.g3 d5 4.Bg2 d4 5.O-O c5 6.e3 Nc6 7.exd4 cxd4 8.d3 Bd6
9.a3 a5 10.Bg5 h6 11.Bxf6 Qxf6 12.Nbd2 Qe7 13.Ne4 Bc7 14.b4 axb4 15.axb4 Rxa1
16.Qxa1 Qxb4 17.Rb1 Qe7 18.Nxd4 Nxd4 19.Qxd4 O-O 20.Qc5 Qd8 21.Rb3 b6 22.Qe3 f5
23.Nc3 f4 24.Qe2 Qf6 25.Ne4 Qa1+ 26.Qf1 Qd4 27.Ra3 Bb7 28.Qa1 Be5 29.Qxd4 Bxd4
30.gxf4 Rxf4 31.Ra2 Bxe4  1/2-1/2

[Event "Gibraltar Masters 2019"]
[Site "Caleta ENG"]
[Date "2019.01.26"]
[Round "5.49"]
[White "Risting,Eivind Olav"]
[Black "Donchenko,Alexa"]
[Result "0-1"]
[WhiteElo "2281"]
[BlackElo "2604"]

1.d4 g6 2.e4 Bg7 3.Nc3 d6 4.Nf3 a6 5.a4 b6 6.Bc4 e6 7.O-O Bb7 8.Re1 Ne7 9.Bg5 h6
10.Be3 O-O 11.Qd2 Kh7 12.h3 Nd7 13.Nh2 Nf6 14.Bd3 c5 15.Nf3 cxd4 16.Nxd4 Qc7
17.f4 Rad8 18.Qf2 Rc8 19.Qh4 d5 20.e5 Ne4 21.Ra3 Nc5 22.Qf2 f6 23.exf6 Bxf6
24.Qe2 Nf5 25.Bxf5 exf5 26.b4 Rfe8 27.Qd2 Ne4 28.Nxe4 Rxe4 29.Rd3 Rce8 30.Bf2 R8e7
31.a5 bxa5 32.bxa5 Bc8 33.Nf3 Bb7 34.Nd4 Qd6 35.Rb1 Qxf4 36.Qxf4 Rxf4 37.Rb6 Rf7
38.Nb3 Bd8 39.Re6 Re4 40.Rxe4 fxe4 41.Rc3 Rc7 42.Rxc7+ Bxc7 43.Bb6 Bg3 44.Nc5 Bc8
45.Kf1 Kg7 46.Ke2 Bf4 47.c4 dxc4 48.Nxe4 h5 49.Bd4+ Kf7 50.Kf3 Bc7 51.Ke3 Ke6
52.Bc3 Kd5 53.g4 Bd8 54.gxh5 gxh5 55.Nf6+ Bxf6 56.Bxf6 Bxh3 57.Kd2 Ke4 58.Kc3 Be6
59.Kd2 Kf5 60.Bd8 Kg4  0-1

[Event "Gibraltar Masters 2019"]
[Site "Caleta ENG"]
[Date "2019.01.26"]
[Round "5.50"]
[White "Howell,D"]
[Black "Zhukova,N"]
[Result "1-0"]
[WhiteElo "2685"]
[BlackElo "2377"]

1.e4 e6 2.d4 d5 3.e5 c5 4.c3 Nc6 5.Nf3 Bd7 6.Be2 Rc8 7.O-O a6 8.Na3 cxd4
9.cxd4 Bxa3 10.bxa3 Nge7 11.Bd3 Nf5 12.Rb1 Qc7 13.a4 Na5 14.Ba3 Nc4 15.Bxc4 dxc4
16.Bc5 Bc6 17.Nd2 Qd8 18.Re1 c3 19.Nf1 Bxg2 20.Kxg2 Qd5+ 21.f3 c2 22.Qxc2 Nh4+
23.Kh3 Qxf3+ 24.Ng3 Ng6 25.Re4 Nf4+ 26.Rxf4 Qxf4 27.Rxb7 h5  1-0

[Event "Gibraltar Masters 2019"]
[Site "Caleta ENG"]
[Date "2019.01.26"]
[Round "5.51"]
[White "Akobian,V"]
[Black "Rahul,Srivatshav P"]
[Result "1-0"]
[WhiteElo "2643"]
[BlackElo "2370"]

1.d4 Nf6 2.c4 g6 3.Nc3 Bg7 4.e4 d6 5.Nf3 O-O 6.h3 e5 7.d5 a5 8.Be3 Na6 9.g4 Nc5
10.Nd2 c6 11.Be2 Bd7 12.g5 Ne8 13.h4 f5 14.h5 gxh5 15.Rxh5 f4 16.Bxc5 dxc5
17.Bg4 f3 18.Bf5 Rxf5 19.exf5 Bxf5 20.Qxf3 Bg6 21.Nde4 Nd6 22.O-O-O Nf5 23.Rdh1 Nd4
24.Qh3 cxd5 25.cxd5 Bf5 26.Qh4 Nf3 27.Qg3 Nd4 28.Nf6+ Kf7 29.Qxe5 Qe7 30.f4 Bg6
31.Qxe7+ Kxe7 32.Rxh7 Bxh7 33.Rxh7 Kf7 34.Nh5 Nf5 35.Nxg7 Nxg7 36.Rh6 Kg8
37.Ne4 Rf8 38.d6  1-0